Grammar of the edit

Αποθηκεύτηκε σε:
Λεπτομέρειες βιβλιογραφικής εγγραφής
Κύριος συγγραφέας: Thompson, Roy
Άλλοι συγγραφείς: Bowen, Christopher J.
Μορφή: Βιβλίο
Γλώσσα:English
Δημοσίευση: Amsterdam : Elsevier, 2009
Έκδοση:2η έκδ.
Θέματα:
Ετικέτες: Προσθήκη ετικέτας
Δεν υπάρχουν, Καταχωρήστε ετικέτα πρώτοι!

MARC

LEADER 00000nam a2200000 i 4500
001 1/42671
008 140221s2009 eng d
020 |a 978-0-240-52120-6 (pbk) 
035 |l 10116790 
040 |a GR-MY-UA  |b gre  |e aacr 
041 0 |a eng 
082 0 |a 777.55  |2 (22) 
100 1 |a Thompson, Roy. 
245 1 0 |a Grammar of the edit /  |c Roy Thompson, Christopher J. Bowen 
250 |a 2η έκδ. 
260 |a Amsterdam :   |b Elsevier,   |c 2009 
300 |a xii, 212 σ.;  |b εικ.;  |c 22 εκ. 
650 0 0 |a Motion pictures  |x Editing. 
700 1 |a Bowen, Christopher J. 
852 |a INST  |b LESVOS  |e 20140221  |h 777.55 THO  |p 005100053515  |q 005100053515  |t BK  |y 0 
901 |a BIBL1-2014-1 
909 |a Λ  |b 177755 
922 |a 1ΕΛΗ  |b 201210  |c ΤΜΗΜΑ ΠΟΛΙΤΙΣΜΙΚΗΣ ΤΕΧΝΟΛΟΓΙΑΣ ΚΑΙ ΕΠΙΚΟΙΝΩΝΙΑΣ  |d ΙΩΑΝΝΙΔΟΥ 
970 |a ΤΖΑΦΕΡΗ  |b ΕΥΑΓΓΕΛΙΑ  |z 2014/02/25